Normal view MARC view
  • Farkas, C. M Philippe, De Backer

Entry Personal Name

Number of records used in: 1

001 - CONTROL NUMBER

  • control field: 74519

003 - CONTROL NUMBER IDENTIFIER

  • control field: NUST

005 - DATE AND TIME OF LATEST TRANSACTION

  • control field: 20210628205233.0

008 - FIXED-LENGTH DATA ELEMENTS

  • fixed length control field: 210628|| aca||aabn | a|a d

040 ## - CATALOGING SOURCE

  • Original cataloging agency: NUST
  • Transcribing agency: NUST

100 ## - HEADING--PERSONAL NAME

  • Personal name: Farkas, C. M Philippe, De Backer

670 ## - SOURCE DATA FOUND

  • Source citation: Work cat.: (NUST): Farkas, C. M Philippe, De Backer, Maximum leadership five strategic for success from the worlds leading ceo's, 1996
© 2023 Central Library, National University of Sciences and Technology. All Rights Reserved.